[Event "ISL-chT1 1819"]
[Site "Reykjavik"]
[Date "2018.11.10"]
[Round "3.5"]
[White "Briem, Stephan"]
[Black "Jonasson, Benedikt"]
[Result "1-0"]
[WhiteElo "2062"]
[BlackElo "2205"]
[PlyCount "209"]
[EventDate "2018.11.08"]
[EventType "team-tourn"]
[EventRounds "9"]
[EventCountry "ISL"]
[SourceTitle "CBM 187 Extra"]
[Source "ChessBase"]
[SourceDate "2018.11.04"]
[SourceVersion "1"]
[SourceVersionDate "2018.11.04"]
[SourceQuality "1"]
[WhiteTeam "Breidjablik Bolungavik"]
[BlackTeam "Taflfelag Reykjavikur II"]
[WhiteTeamCountry "ISL"]
[BlackTeamCountry "ISL"]

1. d4 Nf6 2. c4 g6 3. Nc3 Bg7 4. e4 d6 5. h3 0-0 6. Bg5 c5 7. d5 e6 8. Nf3 exd5 9. cxd5 a6 10. a4 Nbd7 11. Bd3 Qc7 12. 0-0 Rb8 13. a5 Re8 14. Re1 h6 15. Bf4 Nh5 16. Bh2 b5 17. axb6 Rxb6 18. g4 Nhf6 19. Nd2 Bf8 20. Nc4 Rb4 21. f4 Nb6 22. b3 Nxc4 23. Bxc4 Nd7 24. Qd3 Bg7 25. e5 Nb6 26. Na2 dxe5 27. d6 Qc6 28. Nxb4 cxb4 29. Rac1 Nxc4 30. Rxc4 Qb6+ 31. Qe3 Qxd6 32. fxe5 Qd5 33. Qe4 Qd2 34. Bf4 Qd7 35. Qc6 Qe7 36. Qc5 Qh4 37. Qe3 Bf8 38. Qg3 Qd8 39. Rc2 Bb7 40. Kh2 Qd5 41. Rd2 Qc6 42. Qd3 Bc8 43. Qd5 Qb6 44. Be3 Qc7 45. Bf4 Be6 46. Qd3 a5 47. Rc2 Qb6 48. Be3 Qb8 49. Bc5 Rd8 50. Qe3 Bg7 51. Bd6 Qb5 52. Rc5 Qa6 53. Ra1 a4 54. Rxa4 Qf1 55. Rc1 Qb5 56. Rxb4 Qa5 57. Ra4 Qd5 58. Rd4 Qxb3 59. Qxb3 Bxb3 60. Rb4 Be6 61. Rb8 Rxb8 62. Bxb8 g5 63. Bd6 Kh7 64. Kg3 Kg6 65. Rc6 Bd5 66. Rb6 Be6 67. Rb8 Bd5 68. Kf2 Be6 69. Ke3 Bd5 70. Rb6 Be6 71. Ke4 Kh7 72. Be7 h5 73. Bxg5 hxg4 74. hxg4 Bxg4 75. Bf6 Bh6 76. Rb8 Be6 77. Rh8+ Kg6 78. Rg8+ Kh7 79. Rg1 Bf8 80. Bg5 Bc5 81. Be3 Be7 82. Bd4 Bf8 83. Bb6 Be7 84. Bc7 Bf8 85. Bd8 Bc5 86. Rg3 Kh6 87. Bf6 Kh5 88. Kf4 Kh6 89. Rc3 Bb4 90. Rc7 Bd2+ 91. Ke4 Kg6 92. Ra7 Bf5+ 93. Kd5 Be6+ 94. Kd6 Bb4+ 95. Kc7 Kf5 96. Kd8 Bc3 97. Ke7 Bb4+ 98. Ke8 Bc3 99. Bg7 Kg6 100. Bf6 Kf5 101. Bh8 Bd4 102. Rb7 Bxe5 103. Rb5 f6 104. Ke7 Bc4 105. Rc5 1-0

[Event "ISL-chT2 1718"]
[Site "Reykjavik"]
[Date "2018.03.03"]
[Round "6.4"]
[White "Jonasson, Benedikt"]
[Black "Karlsson, Agust Sindri"]
[Result "0-1"]
[WhiteElo "2214"]
[BlackElo "2248"]
[PlyCount "52"]
[EventDate "2017.10.20"]
[EventType "team-tourn"]
[EventRounds "7"]
[EventCountry "ISL"]
[SourceTitle "EXT 2019"]
[Source "ChessBase"]
[SourceDate "2018.10.10"]
[SourceVersion "1"]
[SourceVersionDate "2018.10.10"]
[SourceQuality "1"]
[WhiteTeam "Reykjavik II"]
[BlackTeam "Hauka"]
[WhiteTeamCountry "ISL"]
[BlackTeamCountry "ISL"]

1. e4 d5 2. exd5 Qxd5 3. Nc3 Qa5 4. b4 Qxb4 5. Rb1 Qd6 6. Rb3 c6 7. d4 Nf6 8. Nf3 Qc7 9. Ne5 Be6 10. Rb1 Nbd7 11. Nd3 Nd5 12. Bd2 Nxc3 13. Bxc3 Bxa2 14. Rb2 Bd5 15. Bd2 e5 16. dxe5 Ba3 17. Rb1 0-0 18. Be2 Nxe5 19. 0-0 Bd6 20. Nf4 Bc4 21. Bc3 Bxe2 22. Nxe2 b5 23. Nd4 Nc4 24. Qh5 Be5 25. Rfe1 Rfe8 26. Rbd1 a6 0-1

[Event "ISL-chT 1516"]
[Site "Reykjavik"]
[Date "2016.03.03"]
[Round "6.3"]
[White "Gudmundsson, Kjartan"]
[Black "Jonasson, Benedikt"]
[Result "0-1"]
[WhiteElo "1985"]
[BlackElo "2230"]
[PlyCount "46"]
[EventDate "2015.09.24"]
[EventType "team-tourn"]
[EventRounds "9"]
[EventCountry "ISL"]
[SourceTitle "EXT 2017"]
[Source "ChessBase"]
[SourceDate "2016.10.25"]
[SourceVersion "1"]
[SourceVersionDate "2016.10.25"]
[SourceQuality "1"]
[WhiteTeam "The Viking"]
[BlackTeam "Reykjavik"]
[WhiteTeamCountry "ISL"]
[BlackTeamCountry "ISL"]

1. e4 c5 2. Nc3 Nc6 3. d3 g6 4. g3 Bg7 5. Bg2 e6 6. f4 Nge7 7. Nf3 d5 8. 0-0 0-0 9. a4 b6 10. h3 Ba6 11. g4 Bxc3 12. bxc3 dxe4 13. Ne5 f5 14. Re1 Nxe5 15. fxe5 exd3 16. Bxa8 Qxa8 17. Bg5 Nd5 18. cxd3 Nxc3 19. Qb3 Nd5 20. a5 b5 21. Rac1 Qc6 22. Rf1 Bb7 23. Qc2 Nb4 0-1

[Event "ISL-chT 1516"]
[Site "Reykjavik"]
[Date "2015.09.24"]
[Round "1.2"]
[White "Jonasson, Benedikt"]
[Black "Bergsson, Stefan"]
[Result "1/2-1/2"]
[WhiteElo "2230"]
[BlackElo "2067"]
[PlyCount "75"]
[EventDate "2015.09.24"]
[EventType "team-tourn"]
[EventRounds "9"]
[EventCountry "ISL"]
[SourceTitle "EXT 2017"]
[Source "ChessBase"]
[SourceDate "2016.10.25"]
[SourceVersion "1"]
[SourceVersionDate "2016.10.25"]
[SourceQuality "1"]
[WhiteTeam "Reykjavik II"]
[BlackTeam "Akureyri II"]
[WhiteTeamCountry "ISL"]
[BlackTeamCountry "ISL"]

1. Nf3 Nf6 2. g3 d5 3. Bg2 Bg4 4. 0-0 Nbd7 5. d4 e6 6. c4 c6 7. b3 Bd6 8. Bb2 h6 9. Nbd2 0-0 10. Re1 Qe7 11. Ne5 Bf5 12. e3 Bh7 13. a3 a5 14. Qe2 Rfd8 15. Nxd7 Qxd7 16. e4 dxe4 17. Nxe4 Nxe4 18. Bxe4 Bxe4 19. Qxe4 Be7 20. Rad1 Bf6 21. a4 c5 22. dxc5 Qxd1 23. Bxf6 Qxb3 24. Qg4 g6 25. Qh4 Qb4 26. Ra1 Qd2 27. Bxd8 Rxd8 28. Qe4 Qd4 29. Qxd4 Rxd4 30. Rb1 Rxc4 31. Rxb7 Rxa4 32. c6 Kg7 33. h4 h5 34. c7 Rc4 35. Ra7 a4 36. Kg2 a3 37. Rxa3 Rxc7 38. Kf3 1/2-1/2

[Event "ISL-chT 1314"]
[Site "Reykjavik"]
[Date "2013.10.11"]
[Round "2.5"]
[White "Jonasson, Benedikt"]
[Black "Kjartansson, David"]
[Result "1-0"]
[WhiteElo "2248"]
[BlackElo "2348"]
[PlyCount "139"]
[EventDate "2013.10.10"]
[EventType "team-tourn"]
[EventRounds "9"]
[EventCountry "ISL"]
[SourceTitle "EXT 2014"]
[Source "ChessBase"]
[SourceDate "2013.11.20"]
[SourceVersion "1"]
[SourceVersionDate "2013.11.20"]
[SourceQuality "1"]
[WhiteTeam "Reykjavik"]
[BlackTeam "Vikingaklubburinn"]
[WhiteTeamCountry "ISL"]
[BlackTeamCountry "ISL"]

1. e4 e6 2. d4 d5 3. Nc3 Bb4 4. e5 c5 5. a3 Bxc3+ 6. bxc3 Qa5 7. Bd2 Qa4 8. Nf3 Nc6 9. Qb1 c4 10. h4 Nge7 11. h5 h6 12. Rh4 Bd7 13. Rf4 Rf8 14. Rg4 Rg8 15. Rf4 0-0-0 16. g3 Rdf8 17. Bh3 Kb8 18. Nh4 Nc8 19. Ng2 Nb6 20. Ne3 Qa5 21. Qd1 Nd8 22. Qf3 Bc6 23. Rh4 a6 24. Qe2 Na4 25. f4 Qb6 26. Qd1 Qc7 27. Rb1 Qe7 28. Ra1 f6 29. Ng4 f5 30. Ne3 g5 31. hxg6 Rxg6 32. Kf2 Rfg8 33. Qh5 Nf7 34. g4 fxg4 35. Rxg4 Nh8 36. Rag1 Be8 37. Rxg6 Nxg6 38. Qxh6 Rh8 39. Rxg6 Rxh6 40. Rxh6 Qf8 41. Rf6 Qxa3 42. Bxe6 Bc6 43. Nxd5 Qa1 44. Ne3 Nxc3 45. Bxc3 Qxc3 46. d5 Ba4 47. Rf8+ Ka7 48. Rc8 Qd2+ 49. Kf3 c3 50. Bf5 Bb5 51. e6 Be2+ 52. Ke4 Bd1 53. Nxd1 Qxc2+ 54. Ke5 Qd2 55. Be4 Qxd1 56. e7 Qh5+ 57. Bf5 c2 58. Rxc2 Qh8+ 59. Ke6 Qg8+ 60. Kd6 Qf7 61. Rc8 Qf6+ 62. Be6 Qxf4+ 63. Kd7 Qa4+ 64. Kd8 Qa5+ 65. Rc7 Kb8 66. d6 Qg5 67. Bc8 Qf6 68. Rxb7+ Ka8 69. Rb6 a5 70. Kc7 1-0

[Event "ISL-chT 1011"]
[Site "Reykjavik"]
[Date "2010.10.09"]
[Round "3.3"]
[White "Jonasson, Benedikt"]
[Black "Johannesson, Ingvar Thor"]
[Result "0-1"]
[WhiteElo "2238"]
[BlackElo "2328"]
[PlyCount "74"]
[EventDate "2010.10.08"]
[EventType "team-tourn"]
[EventRounds "9"]
[EventCountry "ISL"]
[SourceTitle "EXT 2012"]
[Source "ChessBase"]
[SourceDate "2011.11.24"]
[SourceVersion "1"]
[SourceVersionDate "2011.11.24"]
[SourceQuality "1"]
[WhiteTeam "TR"]
[BlackTeam "TV"]
[WhiteTeamCountry "ISL"]
[BlackTeamCountry "ISL"]

1. e4 e6 2. d4 d5 3. Nc3 Bb4 4. e5 c5 5. a3 Bxc3+ 6. bxc3 Ne7 7. Nf3 b6 8. Bb5+ Bd7 9. a4 Bxb5 10. axb5 a5 11. bxa6 Rxa6 12. Rxa6 Nxa6 13. Qd3 Nb8 14. 0-0 h6 15. Ba3 Qc7 16. Rb1 0-0 17. h3 Nd7 18. c4 Ra8 19. cxd5 c4 20. Qf1 Nxd5 21. Bd6 Qc6 22. Ra1 b5 23. Nd2 Nf4 24. Rxa8+ Qxa8 25. g3 Nd5 26. Ne4 Ne3 27. fxe3 Qxe4 28. Qe2 Nb6 29. Ba3 Nd5 30. Bc1 Nb4 31. c3 Nd5 32. Bd2 Qc2 33. Qe1 b4 34. cxb4 c3 35. Bc1 Nxb4 36. Ba3 Nd3 37. Qf1 Qd2 0-1

[Event "Reykjavik op"]
[Site "Reykjavik"]
[Date "2007.04.16"]
[Round "6"]
[White "Jonasson, Benedikt"]
[Black "Gretarsson, Hjorvar Steinn"]
[Result "1/2-1/2"]
[WhiteElo "2269"]
[BlackElo "2156"]
[PlyCount "103"]
[EventDate "2007.04.11"]
[EventType "swiss"]
[EventRounds "9"]
[EventCountry "ISL"]
[SourceTitle "CBM 117 Extra"]
[Source "ChessBase"]
[SourceDate "2007.05.09"]
[SourceVersion "1"]
[SourceVersionDate "2007.05.09"]
[SourceQuality "1"]

1. e4 c5 2. Nf3 Nc6 3. d4 cxd4 4. Nxd4 Nf6 5. Nc3 d6 6. Be2 e5 7. Nf3 h6 8. 0-0 Be7 9. h3 0-0 10. Re1 Be6 11. Bf1 Rc8 12. Nd5 Bxd5 13. exd5 Nb8 14. c4 Nbd7 15. b3 Nh7 16. Bb2 f5 17. b4 b6 18. Qb3 Ng5 19. Nd2 Bf6 20. Rad1 e4 21. f4 exf3 22. Bxf6 Qxf6 23. Nxf3 Nxf3+ 24. gxf3 Qg5+ 25. Bg2 Rce8 26. Qc3 Ne5 27. c5 Qg3 28. Kf1 Ng6 29. Rxe8 Rxe8 30. cxd6 Nf4 31. Qc2 Nxg2 32. Qxg2 Qxd6 33. Qd2 Qg3 34. Qg2 Qxg2+ 35. Kxg2 Kf7 36. Kg3 g5 37. Rc1 Re2 38. a3 Rd2 39. Rc6 h5 40. h4 f4+ 41. Kh3 g4+ 42. fxg4 Rd3+ 43. Kg2 hxg4 44. Rc4 Rg3+ 45. Kf2 Rf3+ 46. Kg2 Ke7 47. h5 Kd6 48. Rd4 Rxa3 49. Rxf4 Rh3 50. Rf5 b5 51. Rg5 a6 52. Kg1 1/2-1/2

[Event "ISL-chT 0405"]
[Site "Reykjavik"]
[Date "2005.03.05"]
[Round "6"]
[White "Torfason, Jon"]
[Black "Jonasson, Benedikt"]
[Result "0-1"]
[WhiteElo "2320"]
[BlackElo "2297"]
[PlyCount "40"]
[EventDate "2004.11.19"]
[EventType "team-tourn"]
[EventRounds "7"]
[EventCountry "ISL"]
[SourceTitle "EXT 2006"]
[Source "ChessBase"]
[SourceDate "2005.11.24"]
[SourceVersion "1"]
[SourceVersionDate "2005.11.24"]
[SourceQuality "1"]

1. c4 Nf6 2. Nc3 g6 3. Nf3 Bg7 4. g3 0-0 5. Bg2 d6 6. 0-0 c5 7. d3 Nc6 8. a3 a6 9. Rb1 Rb8 10. b4 cxb4 11. axb4 b5 12. cxb5 axb5 13. d4 Bf5 14. Rb3 e5 15. d5 Nd4 16. Nxd4 exd4 17. e4 dxe3 18. Bxe3 Qd7 19. Bd4 Rfe8 20. Re1 Bc2 0-1

[Event "ISL-chT 0405"]
[Site "Reykjavik"]
[Date "2005.03.04"]
[Round "5"]
[White "Jonasson, Benedikt"]
[Black "Finnlaugsson, Gunnar"]
[Result "1/2-1/2"]
[WhiteElo "2297"]
[BlackElo "2173"]
[PlyCount "91"]
[EventDate "2004.11.19"]
[EventType "team-tourn"]
[EventRounds "7"]
[EventCountry "ISL"]
[SourceTitle "EXT 2006"]
[Source "ChessBase"]
[SourceDate "2005.11.24"]
[SourceVersion "1"]
[SourceVersionDate "2005.11.24"]
[SourceQuality "1"]

1. e4 e6 2. d4 d5 3. Nc3 Bb4 4. e5 c5 5. a3 Bxc3+ 6. bxc3 Ne7 7. Ne2 Nbc6 8. h4 Bd7 9. h5 h6 10. Rh4 cxd4 11. cxd4 Na5 12. a4 Nc4 13. a5 Qc7 14. Rg4 Rg8 15. Bd2 Nxd2 16. Qxd2 Rc8 17. Kd1 Bb5 18. Rg3 Nf5 19. Rh3 Qc6 20. Raa3 Qa6 21. g4 Ne7 22. Rhf3 Bc4 23. Rfc3 Nc6 24. Rg3 Qb5 25. Kc1 Qb4 26. Qxb4 Nxb4 27. Rgc3 Kd7 28. Kd2 f6 29. f4 fxe5 30. dxe5 d4 31. Nxd4 Bxf1 32. Rcb3 Nd5 33. Rxb7+ Rc7 34. Rb1 Bc4 35. f5 Ne7 36. Rc3 Rgc8 37. Rg1 Bd5 38. Re3 Rf8 39. Rd3 Ke8 40. Nb5 Rd7 41. Nd6+ Kd8 42. Rb1 Nc6 43. Nb7+ Ke7 44. Nc5 Rc7 45. Na6 Rd7 46. Nc5 1/2-1/2

[Event "Reykjavik Edda rapid"]
[Site "Reykjavik"]
[Date "2003.03.05"]
[Round "8"]
[White "Danielsen, Henrik"]
[Black "Jonasson, Benedikt"]
[Result "1-0"]
[WhiteElo "2501"]
[BlackElo "2264"]
[PlyCount "93"]
[EventDate "2003.03.03"]
[EventType "swiss (rapid)"]
[EventRounds "9"]
[EventCountry "ISL"]
[SourceTitle "CBM 093 Extra"]
[Source "ChessBase"]
[SourceDate "2003.05.09"]
[SourceVersion "1"]
[SourceVersionDate "2003.05.09"]
[SourceQuality "1"]

1. f4 c5 2. g3 Nc6 3. Bg2 Nf6 4. d3 g6 5. c3 Bg7 6. Nh3 0-0 7. 0-0 d6 8. a4 Rb8 9. Na3 a6 10. Nf2 Bd7 11. e4 b5 12. axb5 axb5 13. Bd2 Ne8 14. g4 Nc7 15. g5 e6 16. Ng4 Ne8 17. h4 f5 18. Ne3 Qe7 19. h5 Nc7 20. hxg6 hxg6 21. exf5 gxf5 22. Rf3 Qf7 23. Rh3 b4 24. Nac2 bxc3 25. bxc3 e5 26. Nc4 d5 27. Nxe5 Nxe5 28. fxe5 f4 29. Rh4 f3 30. Rf4 f2+ 31. Kf1 Qg6 32. Qe2 Bf5 33. Rf3 c4 34. Nb4 Rxb4 35. cxb4 Bxd3 36. Rxd3 cxd3 37. Qe3 Qf5 38. Ra3 Bxe5 39. Qxd3 Qf7 40. g6 Qe6 41. Be3 Bg7 42. Ra7 d4 43. Bd2 Nd5 44. Rxg7+ Kxg7 45. Qxd4+ Nf6 46. Kxf2 Kxg6 47. Kg1 1-0

[Event "Reykjavik op"]
[Site "Reykjavik"]
[Date "2002.03.13"]
[Round "7"]
[White "Hagesaether, Ellen"]
[Black "Jonasson, Benedikt"]
[Result "1-0"]
[WhiteElo "2102"]
[BlackElo "2267"]
[PlyCount "105"]
[EventDate "2002.03.07"]
[EventType "swiss"]
[EventRounds "9"]
[EventCountry "ISL"]
[SourceTitle "CBM 087 Extra"]
[Source "ChessBase"]
[SourceDate "2002.05.03"]
[SourceVersion "2"]
[SourceVersionDate "2002.08.09"]
[SourceQuality "1"]

1. e4 c5 2. d3 Nc6 3. Nf3 e6 4. g3 Nf6 5. Bg2 d5 6. Nbd2 Bd6 7. 0-0 b6 8. Re1 Bc7 9. Qe2 Bb7 10. Nf1 h6 11. h4 Qe7 12. c3 0-0-0 13. e5 Nd7 14. d4 Kb8 15. a3 Rde8 16. b4 cxd4 17. cxd4 Rhg8 18. b5 Na5 19. Bd2 f6 20. Bb4 Qf7 21. Rac1 Nc4 22. N3d2 a5 23. bxa6 Bxa6 24. Nxc4 dxc4 25. Qe4 Ka7 26. Rxc4 Bxe5 27. dxe5 Nxe5 28. Rc3 Rd8 29. Rec1 Rd7 30. Qc2 Kb8 31. Rd1 Rgd8 32. Rxd7 Qxd7 33. Ne3 g5 34. f4 gxf4 35. gxf4 Nd3 36. Rc6 Qd4 37. Rxe6 Nxf4 38. Re4 Ne2+ 39. Kf2 Qd3 40. Qxd3 Bxd3 41. Re6 Rd4 42. Rxb6+ Kc8 43. Rd6 Rf4+ 44. Ke1 Bb5 45. Rd5 Ba6 46. Ba5 Rd4 47. Rc5+ Kd7 48. Rc7+ Ke8 49. Bc6+ Kf8 50. Bb4+ Kg8 51. Nd5 Bd3 52. Nxf6+ Kh8 53. Bf8 1-0

[Event "Reykjavik op"]
[Site "Reykjavik"]
[Date "2002.03.08"]
[Round "2"]
[White "Jonasson, Benedikt"]
[Black "Petursson, Gudni Stefan"]
[Result "1-0"]
[WhiteElo "2267"]
[BlackElo "2112"]
[PlyCount "59"]
[EventDate "2002.03.07"]
[EventType "swiss"]
[EventRounds "9"]
[EventCountry "ISL"]
[SourceTitle "CBM 087 Extra"]
[Source "ChessBase"]
[SourceDate "2002.05.03"]
[SourceVersion "2"]
[SourceVersionDate "2002.08.09"]
[SourceQuality "1"]

1. e4 e6 2. d4 d5 3. Nc3 Bb4 4. e5 c5 5. a3 Ba5 6. b4 cxd4 7. Nb5 Bc7 8. f4 Bd7 9. Nf3 Bxb5 10. Bxb5+ Nc6 11. 0-0 Nge7 12. Kh1 0-0 13. Bd3 h6 14. Bb2 Bb6 15. Qe1 Nf5 16. Rg1 Ne3 17. b5 Na5 18. Nxd4 Nec4 19. Bc3 Bc5 20. Qg3 Qb6 21. Rgd1 Qd8 22. h4 Be7 23. f5 Bxh4 24. Qh3 exf5 25. Nxf5 Bg5 26. e6 fxe6 27. Nxg7 Qe7 28. Nxe6 Rf7 29. Rf1 Re8 30. Rxf7 1-0

[Event "ISL-chT 0001"]
[Site "Reykjavik"]
[Date "2001.??.??"]
[Round "?"]
[White "Jonasson, Benedikt"]
[Black "Bergsson, Snorri"]
[Result "1/2-1/2"]
[WhiteElo "2290"]
[BlackElo "2275"]
[PlyCount "103"]
[EventDate "2000.11.17"]
[EventType "team-tourn"]
[EventRounds "7"]
[EventCountry "ISL"]
[SourceTitle "EXT 2002"]
[Source "ChessBase"]
[SourceDate "2001.11.25"]
[SourceVersion "1"]
[SourceVersionDate "2001.11.25"]
[SourceQuality "1"]

1. e4 e6 2. d4 d5 3. Nc3 Bb4 4. e5 Qd7 5. Qg4 f5 6. Qg3 b6 7. Nh3 Nc6 8. Bb5 Bb7 9. a3 Bf8 10. Ne2 0-0-0 11. Nhf4 Qf7 12. h4 Be7 13. Bd2 Nh6 14. h5 Rdg8 15. c4 dxc4 16. Bxc4 Nd8 17. Qb3 Bg5 18. Nxe6 Bxd2+ 19. Kxd2 Qe7 20. N6f4 Rf8 21. Rac1 Kb8 22. Bd5 c6 23. Bf3 Ng4 24. Bxg4 fxg4 25. Qe3 Nf7 26. Rhd1 Rd8 27. Ke1 Rhe8 28. b4 Qg5 29. Rc3 Nd6 30. Ng3 Nb5 31. Rcd3 Rd7 32. e6 Rde7 33. Qe5+ Qxe5+ 34. dxe5 g5 35. hxg6 hxg6 36. a4 Nc7 37. Rd8+ Bc8 38. Rxe8 Rxe8 39. Nxg6 Bxe6 40. Rd6 Bd5 41. Kf1 Na6 42. b5 Bc4+ 43. Kg1 cxb5 44. axb5 Bxb5 45. f4 gxf3 46. gxf3 Nc5 47. f4 Kc7 48. Kf2 Nd3+ 49. Ke3 Nxe5 50. fxe5 Rxe5+ 51. Nxe5 Kxd6 52. Kd4 1/2-1/2

[Event "Reykjavik op 19th"]
[Site "Reykjavik"]
[Date "2000.04.10"]
[Round "6"]
[White "Jonasson, Benedikt"]
[Black "Arizmendi Martinez, Julen Luis"]
[Result "0-1"]
[WhiteElo "2285"]
[BlackElo "2445"]
[PlyCount "88"]
[EventDate "2000.04.05"]
[EventType "swiss"]
[EventRounds "9"]
[EventCountry "ISL"]
[SourceTitle "CBM 075 Extra"]
[Source "ChessBase"]
[SourceDate "2000.05.11"]
[SourceVersion "2"]
[SourceVersionDate "2000.05.11"]
[SourceQuality "1"]

1. e4 c5 2. Nf3 e6 3. d4 cxd4 4. Nxd4 Nf6 5. Nc3 Nc6 6. Be2 Bb4 7. 0-0 Bxc3 8. bxc3 Nxe4 9. Bd3 d5 10. Nxc6 bxc6 11. Bxe4 dxe4 12. Qg4 0-0 13. Qxe4 Qd5 14. Qh4 Ba6 15. Re1 e5 16. Qg3 f6 17. Ba3 Rf7 18. Red1 Qe4 19. Rd2 Bc4 20. Bc5 Bd5 21. Rad1 Qc4 22. Qe3 Qxa2 23. f4 Qc4 24. fxe5 fxe5 25. Bd6 Rf5 26. Re1 a5 27. h3 Re8 28. Rd4 Qa2 29. c4 Bf7 30. Re4 Qxc2 31. Bxe5 Bg6 32. Qd4 Rf7 33. R4e2 Qf5 34. Bf4 Rxe2 35. Rxe2 Rd7 36. Qe3 a4 37. Rf2 Qe4 38. Qb6 h6 39. Qa6 Rf7 40. Qc8+ Kh7 41. Qb8 a3 42. Qe5 Rxf4 43. Qxf4 Qxf4 44. Rxf4 a2 0-1

[Event "Reykjavik op 19th"]
[Site "Reykjavik"]
[Date "2000.04.08"]
[Round "4"]
[White "Jonasson, Benedikt"]
[Black "Oral, Tomas"]
[Result "0-1"]
[WhiteElo "2285"]
[BlackElo "2540"]
[PlyCount "80"]
[EventDate "2000.04.05"]
[EventType "swiss"]
[EventRounds "9"]
[EventCountry "ISL"]
[SourceTitle "CBM 075 Extra"]
[Source "ChessBase"]
[SourceDate "2000.05.11"]
[SourceVersion "2"]
[SourceVersionDate "2000.05.11"]
[SourceQuality "1"]

1. e4 c5 2. Nf3 Nc6 3. d4 cxd4 4. Nxd4 Qc7 5. Nc3 e6 6. Be3 a6 7. Bd3 b5 8. a3 Bb7 9. 0-0 Nf6 10. Kh1 h5 11. f4 Ng4 12. Bg1 g5 13. Qf3 gxf4 14. Nxc6 Bxc6 15. Rae1 Bd6 16. Nd5 Qb7 17. Nxf4 0-0-0 18. a4 Ne5 19. Qe2 Nxd3 20. cxd3 bxa4 21. Rc1 Kb8 22. Bc5 Be5 23. Qf2 d6 24. Be3 Rhg8 25. Rc2 Rc8 26. h3 f5 27. Nxe6 fxe4 28. d4 Bg3 29. Qf6 Bd5 30. Rxc8+ Qxc8 31. Nf4 Bxf4 32. Qxf4 Qe6 33. Rc1 Qg6 34. Qf2 Qg3 35. Qd2 Rg7 36. Bf4 Qxh3+ 37. gxh3 e3+ 38. Qg2 Rxg2 39. Bxd6+ Kb7 40. Rc5 e2 0-1

[Event "Reykjavik op 19th"]
[Site "Reykjavik"]
[Date "2000.04.07"]
[Round "3"]
[White "Hillarp Persson, Tiger"]
[Black "Jonasson, Benedikt"]
[Result "1/2-1/2"]
[WhiteElo "2548"]
[BlackElo "2285"]
[PlyCount "98"]
[EventDate "2000.04.05"]
[EventType "swiss"]
[EventRounds "9"]
[EventCountry "ISL"]
[SourceTitle "CBM 075 Extra"]
[Source "ChessBase"]
[SourceDate "2000.05.11"]
[SourceVersion "2"]
[SourceVersionDate "2000.05.11"]
[SourceQuality "1"]

1. d4 Nf6 2. c4 g6 3. Nc3 Bg7 4. e4 d6 5. f3 c5 6. d5 0-0 7. Nge2 e6 8. Ng3 exd5 9. cxd5 a6 10. a4 Nbd7 11. Be2 Re8 12. 0-0 Rb8 13. Bg5 Qe7 14. Qd2 Qd8 15. Rab1 h6 16. Be3 h5 17. b4 b6 18. bxc5 bxc5 19. Rxb8 Nxb8 20. a5 Qe7 21. Rb1 Nbd7 22. Nh1 h4 23. Nf2 Nh5 24. Na4 f5 25. Nb6 Nxb6 26. Rxb6 Nf6 27. Bf4 fxe4 28. Bxd6 Qf7 29. Bxc5 exf3 30. Bxf3 Nd7 31. Rc6 Ne5 32. Be4 Nxc6 33. dxc6 Bf5 34. Bd5 Be6 35. Bf3 h3 36. Ne4 Qf5 37. Bf2 hxg2 38. Bxg2 Be5 39. Bg3 Rb8 40. Qc1 Bxg3 41. hxg3 Qe5 42. Ng5 Qd4+ 43. Kh2 Qh8+ 44. Kg1 Qd4+ 45. Kh2 Bf5 46. c7 Rf8 47. Qe1 Qh8+ 48. Kg1 Qd4+ 49. Kh2 Qh8+ 1/2-1/2

[Event "Reykjavik op 19th"]
[Site "Reykjavik"]
[Date "2000.04.06"]
[Round "2"]
[White "Jonasson, Benedikt"]
[Black "Bykhovsky, Anatoly A"]
[Result "1-0"]
[WhiteElo "2285"]
[BlackElo "2409"]
[PlyCount "57"]
[EventDate "2000.04.05"]
[EventType "swiss"]
[EventRounds "9"]
[EventCountry "ISL"]
[SourceTitle "CBM 075 Extra"]
[Source "ChessBase"]
[SourceDate "2000.05.11"]
[SourceVersion "2"]
[SourceVersionDate "2000.05.11"]
[SourceQuality "1"]

1. e4 e5 2. Nf3 Nc6 3. Bb5 a6 4. Ba4 Nf6 5. 0-0 Be7 6. Re1 b5 7. Bb3 d6 8. c3 0-0 9. h3 Nd7 10. d4 Bf6 11. a4 Bb7 12. axb5 axb5 13. Rxa8 Qxa8 14. Na3 Ba6 15. Bd5 Nb6 16. dxe5 Nxd5 17. exf6 Nxf6 18. Bg5 Nd7 19. Nd4 Nxd4 20. cxd4 b4 21. Nc2 b3 22. Nb4 Bb7 23. Qg4 Qa4 24. Bh6 g6 25. Rc1 Rc8 26. d5 Nf6 27. Qh4 Ne8 28. Qe7 Ng7 29. Rxc7 1-0

[Event "Oz.com qual blitz"]
[Site "ICC INT"]
[Date "2000.03.05"]
[Round "2"]
[White "Jonasson, Benedikt"]
[Black "Laplaza, Jorge FN"]
[Result "1-0"]
[WhiteElo "2285"]
[BlackElo "2190"]
[PlyCount "51"]
[EventDate "2000.03.05"]
[EventType "swiss (blitz)"]
[EventRounds "9"]
[EventCountry "USA"]
[SourceTitle "EXT 2001"]
[Source "ChessBase"]
[SourceDate "2000.11.22"]
[SourceVersion "1"]
[SourceVersionDate "2000.11.22"]
[SourceQuality "1"]

1. e4 c5 2. Nf3 d6 3. d4 cxd4 4. Nxd4 Nf6 5. Nc3 g6 6. Be3 Bg7 7. f3 0-0 8. Qd2 Nc6 9. 0-0-0 Bd7 10. h4 h5 11. Bh6 Nxd4 12. Bxg7 Kxg7 13. Qxd4 Kg8 14. Bc4 Qa5 15. Bb3 Rac8 16. Kb1 b5 17. g4 hxg4 18. h5 Nxh5 19. Nd5 Rfe8 20. fxg4 Bxg4 21. Rdg1 Be6 22. Rxh5 f6 23. Rxg6+ Kf7 24. Rxf6+ exf6 25. Qxf6+ Kg8 26. Rh8# 1-0

[Event "Oz.com qual blitz"]
[Site "ICC INT"]
[Date "2000.03.05"]
[Round "1"]
[White "Movsesian, Sergei"]
[Black "Jonasson, Benedikt"]
[Result "1-0"]
[WhiteElo "2668"]
[BlackElo "2285"]
[PlyCount "111"]
[EventDate "2000.03.05"]
[EventType "swiss (blitz)"]
[EventRounds "9"]
[EventCountry "USA"]
[SourceTitle "EXT 2001"]
[Source "ChessBase"]
[SourceDate "2000.11.22"]
[SourceVersion "1"]
[SourceVersionDate "2000.11.22"]
[SourceQuality "1"]

1. e4 c5 2. Nf3 Nc6 3. Nc3 g6 4. d4 cxd4 5. Nxd4 Bg7 6. Be3 Nf6 7. Bc4 d6 8. f3 0-0 9. Qd2 Bd7 10. 0-0-0 a6 11. Bb3 Nxd4 12. Bxd4 b5 13. Kb1 a5 14. Nd5 Nxd5 15. Bxg7 Kxg7 16. Bxd5 Rc8 17. a3 Qc7 18. h4 b4 19. axb4 axb4 20. h5 Rh8 21. Bb3 Qc5 22. Rh4 h6 23. Rf4 Rhf8 24. hxg6 fxg6 25. Rxf8 Rxf8 26. Qd4+ Qxd4 27. Rxd4 Rb8 28. e5 Rb6 29. Kc1 g5 30. Kd2 Bf5 31. exd6 exd6 32. Bd5 Kf6 33. Be4 Be6 34. b3 Ke5 35. Ke3 h5 36. Bd3 d5 37. g3 Rb8 38. Bg6 Rc8 39. Rxb4 Rc3+ 40. Bd3 Rc8 41. f4+ gxf4+ 42. gxf4+ Kd6 43. f5 Bd7 44. Kf4 Rg8 45. Rb6+ Bc6 46. Bb5 Kc5 47. Rxc6+ Kxb5 48. Rg6 Rc8 49. Rg2 Kc5 50. f6 Kd6 51. Kf5 h4 52. Rd2 Rc3 53. Kg6 h3 54. Rf2 Rg3+ 55. Kh7 Rg2 56. Rf1 1-0